[Event "SWE Cup"]
[Site "Linkoping"]
[Date "2016.09.09"]
[Round "2.2"]
[White "Anderzen, Robert"]
[Black "Halvarsson, Gustav"]
[Result "1-0"]
[WhiteElo "2087"]
[BlackElo "1900"]
[PlyCount "75"]
[EventDate "2016.09.09"]
[EventType "team-k.o."]
[EventRounds "7"]
[EventCountry "SWE"]
[SourceTitle "CBM 174 Extra"]
[Source "ChessBase"]
[SourceDate "2016.10.10"]
[SourceVersion "1"]
[SourceVersionDate "2016.10.10"]
[SourceQuality "1"]
[WhiteTeam "Orgryte"]
[BlackTeam "Stockholm Rockaden"]
[WhiteTeamCountry "SWE"]
[BlackTeamCountry "SWE"]

1. Nf3 Nf6 2. g3 g6 3. Bg2 Bg7 4. 0-0 0-0 5. c4 c5 6. d4 cxd4 7. Nxd4 Nc6 8. Nb3 d6 9. Nc3 Be6 10. Nd5 Rb8 11. Bg5 Bxd5 12. cxd5 Ne5 13. Rc1 b5 14. Nd4 Qb6 15. b3 h6 16. Bf4 Nfd7 17. Nc6 Nxc6 18. Rxc6 Qb7 19. Qc1 Rbc8 20. Bxh6 b4 21. Bxg7 Kxg7 22. Bh3 f5 23. Qb2+ Nf6 24. Rfc1 Kf7 25. Bg2 Rxc6 26. Rxc6 Qb5 27. Qd2 Rh8 28. Rc4 a5 29. e4 fxe4 30. Bxe4 Rh5 31. Qf4 Kg7 32. Rc7 Qe8 33. Qxd6 Kf8 34. Qe6 Nxe4 35. Rc8 Nf6 36. d6 Ng8 37. d7 Nf6 38. dxe8Q+ 1-0

[Event "Nordic School-ch U15"]
[Site "Espoo"]
[Date "2012.02.19"]
[Round "6"]
[White "Eydsteinsson, Silas"]
[Black "Halvarsson, Gustav"]
[Result "1-0"]
[WhiteElo "1763"]
[BlackElo "1432"]
[PlyCount "85"]
[EventDate "2012.02.17"]
[EventType "swiss"]
[EventRounds "6"]
[EventCountry "FIN"]
[SourceTitle "EXT 2022"]
[Source "ChessBase"]
[SourceDate "2021.10.06"]
[SourceVersion "1"]
[SourceVersionDate "2021.10.06"]
[SourceQuality "1"]

1. e4 e6 2. d4 d5 3. Nd2 c5 4. exd5 exd5 5. Ngf3 Nf6 6. Bb5+ Bd7 7. Bxd7+ Nbxd7 8. 0-0 Be7 9. dxc5 Nxc5 10. Nb3 b6 11. Re1 0-0 12. Nfd4 Rc8 13. Bg5 Re8 14. Qf3 Nce4 15. Bxf6 Bxf6 16. c3 Qd7 17. Red1 Ng5 18. Qd3 Ne6 19. Nf3 Nf4 20. Qf1 Qg4 21. Kh1 Be5 22. Nxe5 Rxe5 23. f3 Qg6 24. g3 Ne2 25. Nd4 Nxg3+ 26. hxg3 Qxg3 27. Qg2 Qf4 28. Qh3 Rce8 29. Rg1 Kh8 30. Rg4 Qe3 31. Rag1 g6 32. Rh4 h5 33. Qg2 Qh6 34. Rh2 a6 35. a3 Kh7 36. Qf2 b5 37. f4 Re4 38. f5 Rf4 39. fxg6+ fxg6 40. Qg2 Ree4 41. Nf3 Rf5 42. Ng5+ Kg8 43. Nxe4 1-0

[Event "Nordic School-ch U15"]
[Site "Espoo"]
[Date "2012.02.18"]
[Round "3"]
[White "Johannesson, Oliver Aron"]
[Black "Halvarsson, Gustav"]
[Result "1-0"]
[WhiteElo "1699"]
[BlackElo "1432"]
[PlyCount "99"]
[EventDate "2012.02.17"]
[EventType "swiss"]
[EventRounds "6"]
[EventCountry "FIN"]
[SourceTitle "EXT 2022"]
[Source "ChessBase"]
[SourceDate "2021.10.06"]
[SourceVersion "1"]
[SourceVersionDate "2021.10.06"]
[SourceQuality "1"]

1. e4 e6 2. d4 d5 3. Nc3 Bb4 4. Bd3 c5 5. a3 cxd4 6. Bb5+ Nc6 7. Qxd4 Bxc3+ 8. Qxc3 Nge7 9. Bxc6+ bxc6 10. e5 d4 11. Qc5 h6 12. Nf3 d3 13. c4 Qd7 14. 0-0 0-0 15. Rd1 Rd8 16. Ne1 Ba6 17. Rxd3 Qb7 18. b4 Rxd3 19. Nxd3 Rd8 20. Nb2 Nf5 21. Be3 Rd7 22. h3 Nxe3 23. Qxe3 Qb8 24. Qc3 Bb7 25. Rd1 Rc7 26. Rd6 c5 27. Qd3 Rc8 28. b5 a6 29. a4 axb5 30. cxb5 Qa8 31. f3 Bd5 32. Ra6 Qb8 33. Qc3 Kh7 34. Nc4 Rc7 35. Nd6 Ra7 36. Qxc5 Rxa6 37. bxa6 Qa8 38. Qc2+ g6 39. Qc7 Qg8 40. Qxf7+ Qxf7 41. Nxf7 Kg7 42. Nd6 Kf8 43. a7 Ke7 44. Nc8+ Kd8 45. Nb6 Bb7 46. a8Q+ Bxa8 47. Nxa8 Kc8 48. Nb6+ Kb7 49. a5 Ka6 50. Nc4 1-0